| 000 | 00943nac a22002651u 4500 | ||
|---|---|---|---|
| 010 | _a 2005934932 | ||
| 020 | _a0672328704 (pbk.) | ||
| 035 | _a(OCoLC)ocm64097438 | ||
| 082 | 0 | 4 | _a005.7585 |
| 090 |
_c5839 _d5839 |
||
| 100 | _a20080729 | ||
| 110 | 2 | _aMySQL AB. | |
| 245 | 1 | 0 |
_aMySQL administrator's guide and language reference/ _cMySQL AB. |
| 250 | _a2nd ed. | ||
| 260 |
_aIndianapolis, Ind. : _bMySQL ; _aLondon : _bPearson Education [distributor],2006 _cc2006. |
||
| 300 |
_axxvi, 860 p. ; _c23 cm. + 1CD-ROM (4 3/4 in.) |
||
| 500 | _aPrevious ed.: 2004. | ||
| 500 | _adistributer: Al-Ahram | ||
| 511 | _acatalogued by: wessam | ||
| 650 | 0 | _aSQL (Computer program language) | |
| 650 | 0 | _aDatabase management. | |
| 710 | 2 | _aMySQL AB. | |
| 942 |
_cNB _k005.7585 |
||
| 999 |
_c5839 _d5839 |
||